000 00725 a2200229 4500
003 CBULib
005 20251114091306.0
008 251114b |||||||| |||| 00| 0 eng d
020 _a9781399609029
040 _bEnglish
_cCBULib
_erda
041 _aeng
050 _aDK 67.5.U38 Zyg
100 _aZygar, Mikhail
245 _aWar and punishment : the story of Russian oppression and Ukrainian resistance
_c/ by Mikhal Zygar
260 _bWeidenfeld & Nicolson,
_c2023
_aLondon :
300 _ax, 422 pages : illustrations
336 _2rdacontent
_aText |
_btxt
337 _2rdamedia
_aUnmediated |
_bn
338 _2rdacarrier
_aVolume
_bnc
650 0 _95060
_aRUSSIA--FOREIGN RELATIONS--UKRAINE
942 _2lcc
_c002
999 _c86276
_d86276